|
|
|
|
| LEADER |
01176nam a2200325Ia 4500 |
| 001 |
EBC510147 |
| 003 |
MiAaPQ |
| 005 |
20200520144314.0 |
| 006 |
m o d | |
| 007 |
cr cn||||||||| |
| 008 |
100505s2010 nju s 000 0 eng d |
| 020 |
|
|
|z 9780470563632
|
| 020 |
|
|
|z 9780470610565
|
| 035 |
|
|
|a (MiAaPQ)EBC510147
|
| 035 |
|
|
|a (Au-PeEL)EBL510147
|
| 035 |
|
|
|a (CaPaEBR)ebr10377797
|
| 035 |
|
|
|a (CaONFJC)MIL254949
|
| 035 |
|
|
|a (OCoLC)613612771
|
| 040 |
|
|
|a MiAaPQ
|c MiAaPQ
|d MiAaPQ
|
| 050 |
|
4 |
|a HF5415.153
|b .A33 2010
|
| 100 |
1 |
|
|a Adams, Rob.
|
| 245 |
1 |
0 |
|a If you build it will they come?
|h [electronic resource] :
|b three steps to test and validate any market opportunity /
|c Rob Adams.
|
| 260 |
|
|
|a Hoboken :
|b John Wiley & Sons, Inc.,
|c 2010.
|
| 300 |
|
|
|a vii, 215 p.
|
| 533 |
|
|
|a Electronic reproduction. Ann Arbor, MI : ProQuest, 2015. Available via World Wide Web. Access may be limited to ProQuest affiliated libraries.
|
| 650 |
|
0 |
|a New products
|x Marketing.
|
| 650 |
|
0 |
|a Marketing.
|
| 655 |
|
4 |
|a Electronic books.
|
| 710 |
2 |
|
|a ProQuest (Firm)
|
| 856 |
4 |
0 |
|u https://ebookcentral.proquest.com/lib/matrademy/detail.action?docID=510147
|z Click to View
|